000 00566nam a2200205Ia 4500
003 OSt
005 20220926035504.0
006 a|||||r|||| 00| 0
007 ta
008 220923b |||||||| |||| 00| 0 eng d
037 _cGeneral Book
040 _aRTL
_cRTL
_beng
041 _2eng
_aeng
082 _aY:4:69(Y):S8, J9
100 _aThibaut John W
_989769
245 0 _aSocial psychology of groups
700 _a Kelley Harlod H
_9318626
942 _hY:4:69(Y):S8, J9
_cGB
_2CC
999 _c662322
_d662322